[Event "CAN-ch"]
[Site "Toronto"]
[Date "2025.04.20"]
[Round "6"]
[White "Preotu, Razvan"]
[Black "Plotkin, Mark"]
[Result "1/2-1/2"]
[WhiteElo "2470"]
[BlackElo "2349"]
[PlyCount "82"]
[EventDate "2025.04.18"]
[EventType "swiss"]
[EventRounds "9"]
[EventCountry "CAN"]
[SourceTitle "CB17_2025"]
[SourceDate "2025.04.23"]
[SourceVersion "1"]
[SourceVersionDate "2025.04.23"]
[SourceQuality "1"]

1. Nf3 Nf6 2. c4 c6 3. Nc3 d5 4. e3 a6 5. d4 b5 6. c5 Bg4 7. h3 Bxf3 8. Qxf3 e5 9. Qg3 e4 10. Be2 Be7 11. Qxg7 Rg8 12. Qh6 Rxg2 13. Qf4 Nbd7 14. h4 Nf8 15. Qf5 Qd7 16. Qxd7+ Kxd7 17. b4 Ne6 18. a4 Nc7 19. axb5 axb5 20. Rxa8 Nxa8 21. Bf1 Rg8 22. Bh3+ Ng4 23. Ke2 h5 24. f3 exf3+ 25. Kxf3 Bxh4 26. Bf1 Bg5 27. Rxh5 Nf6 28. Rh2 Nc7 29. Bh3+ Ke7 30. Ra2 Ra8 31. Rxa8 Nxa8 32. Bd2 Bh4 33. Bf5 Nc7 34. Bd3 Ne6 35. Ke2 Ng5 36. Be1 Bxe1 37. Kxe1 Nfe4 38. Bxe4 Nxe4 39. Nxe4 dxe4 40. Kf2 f5 41. Kg3 Ke6 1/2-1/2

[Event "CAN-ch"]
[Site "Toronto"]
[Date "2025.04.18"]
[Round "3"]
[White "Plotkin, Mark"]
[Black "Sambuev, Bator"]
[Result "1/2-1/2"]
[WhiteElo "2349"]
[BlackElo "2429"]
[PlyCount "201"]
[EventDate "2025.04.18"]
[EventType "swiss"]
[EventRounds "9"]
[EventCountry "CAN"]
[SourceTitle "CB17_2025"]
[SourceDate "2025.04.23"]
[SourceVersion "1"]
[SourceVersionDate "2025.04.23"]
[SourceQuality "1"]

1. Nf3 d5 2. g3 c5 3. Bg2 Nf6 4. 0-0 e6 5. d4 cxd4 6. Nxd4 e5 7. Nb3 Be6 8. Bg5 Nbd7 9. Nc3 Be7 10. f4 exf4 11. gxf4 g6 12. Kh1 Nb6 13. Nd4 Qd7 14. Qd3 Bg4 15. h3 Bh5 16. Rae1 0-0-0 17. f5 Ne4 18. Bf4 Bd6 19. Nxe4 dxe4 20. Qc3+ Qc7 21. Qxc7+ Bxc7 22. Bxc7 Kxc7 23. Nb5+ Kb8 24. Bxe4 Nc4 25. fxg6 Bxg6 26. Bxg6 hxg6 27. Rxf7 Rxh3+ 28. Kg2 Rh5 29. Nc3 Rdh8 30. Rf4 Rh2+ 31. Kf3 R2h3+ 32. Kf2 Nxb2 33. Nd5 Rd8 34. Ne7 Nd1+ 35. Kg2 Ra3 36. Nxg6 Ne3+ 37. Kf2 Nxc2 38. Rb1 Rxa2 39. Rf7 b6 40. Ne5 Nd4 41. Nd7+ Ka8 42. Nxb6+ axb6 43. Rxb6 Rxe2+ 44. Kf1 Ra2 45. Rbf6 Kb8 46. Rf8 Rxf8 47. Rxf8+ Kc7 48. Rf6 Kd7 49. Ke1 Ke7 50. Rb6 Ne6 51. Kd1 Kf6 52. Kc1 Ke5 53. Rb2 Ra3 54. Kd2 Ke4 55. Rb8 Rd3+ 56. Kc2 Nd4+ 57. Kb2 Rd2+ 58. Ka3 Rc2 59. Rh8 Kd3 60. Kb4 Rc4+ 61. Ka5 Rc5+ 62. Kb6 Rc6+ 63. Kb7 Rg6 64. Rh5 Kc4 65. Kc7 Nc6 66. Rh1 Kd5 67. Rd1+ Nd4 68. Kb7 Rg2 69. Kc7 Rb2 70. Rd3 Rb1 71. Rd2 Kc5 72. Rh2 Ne6+ 73. Kd7 Nf4 74. Rc2+ Kd5 75. Rd2+ Ke5 76. Kc6 Rc1+ 77. Kd7 Rc3 78. Rd1 Nd3 79. Rh1 Kd5 80. Rd1 Ra3 81. Kc7 Ke6 82. Rh1 Rc3+ 83. Kb6 Ne5 84. Rd1 Nd3 85. Rh1 Kd5 86. Rd1 Kd6 87. Rh1 Rb3+ 88. Ka7 Nf4 89. Rd1+ Nd5 90. Rc1 Nc3 91. Rh1 Kc5 92. Rh5+ Nd5 93. Rh1 Nf6 94. Rc1+ Kd6 95. Rd1+ Kc7 96. Rc1+ Kd8 97. Ka6 Ne4 98. Rd1+ Kc7 99. Rc1+ Nc3 100. Rd1 Ne4 101. Rh1 1/2-1/2

[Event "New York Spring IM"]
[Site "New York"]
[Date "2025.03.31"]
[Round "8"]
[White "Espinosa, Pedro"]
[Black "Plotkin, Mark"]
[Result "1-0"]
[WhiteElo "2242"]
[BlackElo "2349"]
[PlyCount "105"]
[EventDate "2025.03.27"]
[EventType "tourn"]
[EventRounds "9"]
[EventCountry "USA"]
[SourceTitle "CB15_2025"]
[SourceDate "2025.04.09"]
[SourceVersion "1"]
[SourceVersionDate "2025.04.09"]
[SourceQuality "1"]

1. d4 g6 2. e4 Bg7 3. Nc3 d6 4. Be3 a6 5. Qd2 b5 6. a4 b4 7. Nd5 a5 8. h4 e6 9. Nf4 Nf6 10. f3 h6 11. 0-0-0 Bd7 12. b3 Nc6 13. Nd3 Qe7 14. g4 e5 15. dxe5 Nxe5 16. Nxe5 Qxe5 17. Bd4 Qe7 18. Bc4 Be6 19. Bb5+ Kf8 20. Ne2 c5 21. Bb2 Rd8 22. Nf4 Ne8 23. Bxe8 Bxb2+ 24. Kxb2 Qxe8 25. Qd3 Kg7 26. Kb1 Qe7 27. Qe3 Rhe8 28. g5 hxg5 29. hxg5 Rh8 30. Qc1 Rxh1 31. Qb2+ Kf8 32. Rxh1 Ke8 33. Qg7 Kd7 34. Rh7 Re8 35. Nxg6 Qd8 36. Nf4 Re7 37. Qf6 Re8 38. Nxe6 Qxf6 39. Nxc5+ dxc5 40. gxf6 Ke6 41. Rh5 Rc8 42. Rf5 Rc6 43. Kc1 c4 44. bxc4 Rxc4 45. Kb2 Rc3 46. Rxa5 Rxf3 47. Rb5 Kxf6 48. Rxb4 Ke7 49. a5 Rf6 50. Rb7+ Kd8 51. Rb6 Rf4 52. a6 Kc7 53. a7 1-0

[Event "Toronto Hart House op"]
[Site "Toronto"]
[Date "2025.02.17"]
[Round "6"]
[White "Noritsyn, Sergey"]
[Black "Plotkin, Mark"]
[Result "1/2-1/2"]
[WhiteElo "2282"]
[BlackElo "2352"]
[PlyCount "103"]
[EventDate "2025.02.15"]
[EventType "swiss"]
[EventRounds "6"]
[EventCountry "CAN"]
[SourceTitle "CB09_2025"]
[SourceDate "2025.02.27"]
[SourceVersion "1"]
[SourceVersionDate "2025.02.27"]
[SourceQuality "1"]

1. e4 g6 2. d4 Bg7 3. Nf3 d6 4. Bc4 Nf6 5. Qe2 0-0 6. 0-0 Bg4 7. h3 Bxf3 8. Qxf3 Nfd7 9. c3 c5 10. dxc5 dxc5 11. Qe2 Nc6 12. Be3 Qc7 13. Nd2 Rad8 14. f4 Nf6 15. e5 Nd5 16. Ne4 b6 17. Rad1 Nxe3 18. Qxe3 Rxd1 19. Rxd1 Rd8 20. Rd3 Bh6 21. Qf3 Rxd3 22. Bxd3 c4 23. Bf1 b5 24. g3 Nb8 25. Kh2 Nd7 26. Bg2 Bf8 27. a3 Nb6 28. e6 fxe6 29. Ng5 Qd6 30. Qe4 Bg7 31. Nxe6 Bf6 32. f5 Kf7 33. Nf4 Be5 34. Ne2 Na4 35. Qb7 a6 36. Bd5+ Kg7 37. Qa8 Qf6 38. Qg8+ Kh6 39. fxg6 hxg6 40. Kg2 Nxb2 41. h4 Nd3 42. h5 gxh5 43. Be4 Qf2+ 44. Kh3 Qf1+ 45. Bg2 Nf2+ 46. Kh2 Ng4+ 47. Kh3 Qxe2 48. Qf8+ Bg7 49. Qf4+ Kh7 50. Qf5+ Kh6 51. Qf4+ Kh7 52. Qf5+ 1/2-1/2

[Event "Toronto Hart House Blitz m"]
[Site "Toronto"]
[Date "2025.02.02"]
[Round "2"]
[White "Plotkin, Mark"]
[Black "Vettese, Nicholas"]
[Result "1-0"]
[WhiteElo "2352"]
[BlackElo "2367"]
[PlyCount "137"]
[EventDate "2025.02.02"]
[EventType "match (blitz)"]
[EventRounds "20"]
[EventCountry "CAN"]
[SourceTitle "CB07_2025"]
[SourceDate "2025.02.12"]
[SourceVersion "1"]
[SourceVersionDate "2025.02.12"]
[SourceQuality "1"]

1. e4 e6 2. d4 d5 3. Nc3 Nf6 4. e5 Nfd7 5. f4 c5 6. Nf3 Nc6 7. Be3 a6 8. a3 b5 9. dxc5 Bxc5 10. Bxc5 Nxc5 11. b4 Nd7 12. Bd3 Qb6 13. Qd2 Nd4 14. Nxd4 Qxd4 15. Rd1 g5 16. Ne2 Qb6 17. c3 gxf4 18. Qxf4 Qc7 19. 0-0 Nxe5 20. Nd4 Rf8 21. Rde1 f6 22. Bxh7 Ra7 23. Bb1 Qg7 24. Nf3 Rg8 25. Re2 Nc4 26. Nd4 Ne5 27. Qxf6 Qxf6 28. Rxf6 Ke7 29. Rh6 Nf7 30. Rh7 Kd6 31. Rf2 Rf8 32. Bg6 e5 33. Nb3 Be6 34. Nc5 e4 35. Rf6 Re7 36. Nxe6 Rxe6 37. Rfxf7 e3 38. Rd7+ Kc6 39. Rc7+ Kb6 40. Rb7+ Kc6 41. Rhc7+ Kd6 42. Rb6+ Ke5 43. Rxe6+ Kxe6 44. Bd3 Rf2 45. Rc8 Kd7 46. Rh8 Rd2 47. Bf5+ Ke7 48. Bg4 Rc2 49. Kf1 Rf2+ 50. Ke1 Rxg2 51. Bf3 Rd2 52. Rh6 Rd3 53. Rxa6 Kd7 54. Ke2 Rxc3 55. Bxd5 Rc2+ 56. Kxe3 Rxh2 57. Bc6+ Kc7 58. Bxb5 Kb7 59. Ra5 Kb6 60. Be2 Rh3+ 61. Bf3 Rh2 62. Ra8 Rc2 63. Be4 Rc3+ 64. Bd3 Kb7 65. Ra5 Kb6 66. Kd4 Rc1 67. Ra6+ Kb7 68. a4 Rc8 69. Ra5 1-0

[Event "Toronto Hart House Blitz m"]
[Site "Toronto"]
[Date "2025.02.02"]
[Round "8"]
[White "Plotkin, Mark"]
[Black "Vettese, Nicholas"]
[Result "1/2-1/2"]
[WhiteElo "2352"]
[BlackElo "2367"]
[PlyCount "155"]
[EventDate "2025.02.02"]
[EventType "match (blitz)"]
[EventRounds "20"]
[EventCountry "CAN"]
[SourceTitle "CB07_2025"]
[SourceDate "2025.02.12"]
[SourceVersion "1"]
[SourceVersionDate "2025.02.12"]
[SourceQuality "1"]

1. c4 c6 2. Nc3 d5 3. d4 Nf6 4. Nf3 e6 5. e3 Nbd7 6. Bd3 Bd6 7. 0-0 0-0 8. b3 b6 9. Bb2 Bb7 10. cxd5 cxd5 11. Rc1 a6 12. Ne2 Ne4 13. Ne5 f6 14. Nxd7 Qxd7 15. f3 Ng5 16. Qd2 Rac8 17. Rxc8 Rxc8 18. Rc1 Rc7 19. h4 Nf7 20. Kf2 e5 21. Ng3 e4 22. fxe4 dxe4 23. Be2 Nh6 24. Nf1 Ng4+ 25. Kg1 h5 26. Rxc7 Bxc7 27. g3 Qf5 28. Bxg4 Qxg4 29. Qf2 Bd5 30. Bc3 Qg6 31. Be1 Be6 32. Qc2 Bd8 33. Qc6 Kf7 34. d5 Bg4 35. Nd2 Kg8 36. d6 Kh7 37. Qxe4 Bf5 38. Qd4 b5 39. Bf2 Be6 40. e4 Qg4 41. Nf1 Qf3 42. Qe3 Qd1 43. Qd2 Qf3 44. Qf4 Qd1 45. Qd2 Qf3 46. Nh2 Qxe4 47. Qe3 Qd5 48. Qf4 Bh3 49. Nf3 Qd1+ 50. Kh2 Qf1 51. Ne1 Bg4 52. Qe4+ f5 53. Qg2 Qe2 54. d7 Qd2 55. Nf3 Qxd7 56. Ng5+ Bxg5 57. hxg5 Qd2 58. Bc5 Qxg5 59. Qf2 Qc1 60. Be3 Qd1 61. Qd2 Qf1 62. Qf2 Qh3+ 63. Kg1 Bd1 64. Qf4 Kg8 65. Qb8+ Kh7 66. Qf4 Bc2 67. Qh4 Qxh4 68. gxh4 Kg6 69. Kf2 b4 70. Bc5 Bb1 71. a4 Bc2 72. Bxb4 Bxb3 73. a5 f4 74. Bc3 Bd5 75. Be5 Kf5 76. Bxg7 Kg4 77. Bf6 f3 78. Bd8 1/2-1/2

[Event "Toronto Hart House Blitz m"]
[Site "Toronto"]
[Date "2025.02.02"]
[Round "18"]
[White "Plotkin, Mark"]
[Black "Vettese, Nicholas"]
[Result "0-1"]
[WhiteElo "2352"]
[BlackElo "2367"]
[PlyCount "74"]
[EventDate "2025.02.02"]
[EventType "match (blitz)"]
[EventRounds "20"]
[EventCountry "CAN"]
[SourceTitle "CB07_2025"]
[SourceDate "2025.02.12"]
[SourceVersion "1"]
[SourceVersionDate "2025.02.12"]
[SourceQuality "1"]

1. e4 e5 2. Nf3 Nf6 3. Nc3 Nc6 4. Bb5 Nd4 5. Bc4 Bc5 6. Nxe5 d5 7. exd5 Qe7 8. 0-0 0-0 9. Nf3 Bg4 10. Be2 Nxe2+ 11. Qxe2 Qd6 12. d3 Rfe8 13. Be3 Bb6 14. h3 Bh5 15. Rfe1 Re7 16. g4 Nxg4 17. hxg4 Bxg4 18. Ne4 Rxe4 19. dxe4 Qf6 20. Kg2 Re8 21. Bxb6 Qg6 22. Nh4 Qg5 23. Nf3 Qg6 24. Bd4 Rxe4 25. Nh4 Bf3+ 26. Kf1 Bxe2+ 27. Rxe2 Qa6 28. Rae1 Rxd4 29. Kg2 g6 30. Nf3 Rxd5 31. Re7 Rf5 32. Nd4 Rg5+ 33. Kh3 Qf6 34. R7e4 Qxf2 35. R1e3 Rh5+ 36. Kg4 Rh4+ 37. Kg5 h6# 0-1

[Event "Toronto Hart House Blitz m"]
[Site "Toronto"]
[Date "2025.02.02"]
[Round "3"]
[White "Vettese, Nicholas"]
[Black "Plotkin, Mark"]
[Result "0-1"]
[WhiteElo "2367"]
[BlackElo "2352"]
[PlyCount "86"]
[EventDate "2025.02.02"]
[EventType "match (blitz)"]
[EventRounds "20"]
[EventCountry "CAN"]
[SourceTitle "CB07_2025"]
[SourceDate "2025.02.12"]
[SourceVersion "1"]
[SourceVersionDate "2025.02.12"]
[SourceQuality "1"]

1. c4 g6 2. Nc3 Bg7 3. g3 Nc6 4. Bg2 d6 5. e3 Nf6 6. d4 0-0 7. Nge2 e5 8. 0-0 Bd7 9. Rb1 Bf5 10. e4 Bg4 11. d5 Nd4 12. f3 Nxe2+ 13. Qxe2 Bd7 14. Be3 Nh5 15. f4 exf4 16. gxf4 Re8 17. Bf3 Bxc3 18. bxc3 Nf6 19. Qg2 Nxe4 20. Bd4 Bf5 21. Rbe1 Nc5 22. Rxe8+ Qxe8 23. Qg5 Nd7 24. Kf2 Qd8 25. Qh6 Qf8 26. Qg5 f6 27. Qg3 Re8 28. h4 Nc5 29. h5 Qe7 30. hxg6 hxg6 31. Qh4 Ne4+ 32. Kg2 g5 33. fxg5 Nxg5 34. Rh1 Qg7 35. Kf2 Nxf3 36. Qh5 Qg6 37. Qh8+ Kf7 38. Rh7+ Qxh7 39. Qxf6+ Kg8 40. Kxf3 Qh3+ 41. Kf2 Qh2+ 42. Kf3 Qe2+ 43. Kg3 Qg4+ 0-1

[Event "Toronto Hart House Blitz m"]
[Site "Toronto"]
[Date "2025.02.02"]
[Round "5"]
[White "Vettese, Nicholas"]
[Black "Plotkin, Mark"]
[Result "1-0"]
[WhiteElo "2367"]
[BlackElo "2352"]
[PlyCount "115"]
[EventDate "2025.02.02"]
[EventType "match (blitz)"]
[EventRounds "20"]
[EventCountry "CAN"]
[SourceTitle "CB07_2025"]
[SourceDate "2025.02.12"]
[SourceVersion "1"]
[SourceVersionDate "2025.02.12"]
[SourceQuality "1"]

1. b3 g6 2. Bb2 Nf6 3. g3 Bg7 4. Bg2 a5 5. c4 0-0 6. Nf3 a4 7. b4 c5 8. bxc5 Qa5 9. 0-0 Qxc5 10. Ba3 Qxc4 11. Bxe7 Re8 12. Ba3 Nc6 13. Nc3 b5 14. Bd6 Ba6 15. d3 Qxc3 16. Rc1 Qa5 17. Ne5 Bb7 18. Rc5 Re6 19. Qb1 Rxd6 20. Rxb5 Qc3 21. Rc1 Qd4 22. Rc4 Qxe5 23. Rxe5 Nxe5 24. Qxb7 Re8 25. Rxa4 Nc6 26. Ra8 Rde6 27. Rxe8+ Rxe8 28. Bxc6 dxc6 29. Qxc6 Rxe2 30. a4 Ra2 31. Kg2 h5 32. h3 h4 33. g4 Nh7 34. Qb5 Nf8 35. a5 Ne6 36. a6 Bd4 37. Kf3 Rxf2+ 38. Ke4 Re2+ 39. Kf3 Re3+ 40. Kg2 Nf4+ 41. Kf1 Rxd3 42. Qb8+ Kh7 43. Qxf4 Bg7 44. a7 Ra3 45. Qb8 Ra1+ 46. Ke2 Ra2+ 47. Kd3 Ra3+ 48. Kc4 Rxh3 49. a8Q Rg3 50. Qg8+ Kh6 51. Qac8 Rc3+ 52. Kd5 Rxc8 53. Qxc8 Kg5 54. Ke4 h3 55. Kf3 Be5 56. Qd8+ f6 57. Qd2+ Kh4 58. Qh6# 1-0

[Event "Toronto Hart House Blitz m"]
[Site "Toronto"]
[Date "2025.02.02"]
[Round "7"]
[White "Vettese, Nicholas"]
[Black "Plotkin, Mark"]
[Result "0-1"]
[WhiteElo "2367"]
[BlackElo "2352"]
[PlyCount "124"]
[EventDate "2025.02.02"]
[EventType "match (blitz)"]
[EventRounds "20"]
[EventCountry "CAN"]
[SourceTitle "CB07_2025"]
[SourceDate "2025.02.12"]
[SourceVersion "1"]
[SourceVersionDate "2025.02.12"]
[SourceQuality "1"]

1. e4 c5 2. Nf3 Nc6 3. d4 cxd4 4. Nxd4 g6 5. Nc3 Bg7 6. Be3 Nf6 7. Nxc6 bxc6 8. e5 Ng8 9. f4 Nh6 10. Qd2 0-0 11. 0-0-0 Qa5 12. h3 d6 13. g4 Rb8 14. Bc4 Be6 15. Bb3 Bxb3 16. cxb3 dxe5 17. f5 Rfd8 18. Qg2 e4 19. Kb1 Qb4 20. Bf4 Rbc8 21. Qe2 e5 22. fxe6 fxe6 23. Nxe4 Nf7 24. Bd2 Qb5 25. Qxb5 cxb5 26. Ba5 Rxd1+ 27. Rxd1 Ne5 28. Nd6 Rb8 29. Bc7 Rf8 30. Nxb5 Rf2 31. Nxa7 Nf3 32. Rd8+ Kf7 33. Rd7+ Kg8 34. Rd8+ Kf7 35. Rd7+ Kg8 36. Nc6 Rxb2+ 37. Kc1 Rxa2 38. Rd8+ Kf7 39. Rd7+ Kg8 40. Rd8+ Kf7 41. Rd3 Ng5 42. Rd7+ Kg8 43. Rd8+ Kf7 44. Rd7+ Kg8 45. Ne7+ Kf8 46. Bd6 Ke8 47. Rb7 Ne4 48. Nc8 Bh6+ 49. Kd1 Rd2+ 50. Ke1 Rxd6 51. Nxd6+ Nxd6 52. Rxh7 Bf4 53. Ke2 g5 54. Ra7 e5 55. b4 Kd8 56. Kf3 e4+ 57. Ke2 Nb5 58. Rf7 Nd4+ 59. Ke1 e3 60. b5 Bg3+ 61. Kf1 e2+ 62. Kg2 e1Q 0-1

[Event "Toronto Hart House Blitz m"]
[Site "Toronto"]
[Date "2025.02.02"]
[Round "9"]
[White "Vettese, Nicholas"]
[Black "Plotkin, Mark"]
[Result "0-1"]
[WhiteElo "2367"]
[BlackElo "2352"]
[PlyCount "96"]
[EventDate "2025.02.02"]
[EventType "match (blitz)"]
[EventRounds "20"]
[EventCountry "CAN"]
[SourceTitle "CB07_2025"]
[SourceDate "2025.02.12"]
[SourceVersion "1"]
[SourceVersionDate "2025.02.12"]
[SourceQuality "1"]

1. b3 Nc6 2. Bb2 e5 3. Nf3 e4 4. Nd4 Nf6 5. e3 Bc5 6. Nxc6 dxc6 7. d4 exd3 8. Bxd3 Be6 9. Nc3 Qe7 10. 0-0 0-0-0 11. Qf3 h5 12. Ne4 Nxe4 13. Bxe4 Bd6 14. Bxg7 Bg4 15. Bf5+ Kb8 16. Qe4 Qg5 17. Bxg4 Bxh2+ 18. Kh1 hxg4 19. Bxh8 Rxh8 20. g3 Qh5 21. Qg2 Bxg3+ 22. Kg1 Bh2+ 23. Kh1 Be5+ 24. Kg1 Bxa1 25. Rxa1 Qe5 26. Rd1 Qb2 27. Qe4 a5 28. a4 Qg7 29. Qe7 g3 30. Rd8+ Rxd8 31. Qxd8+ Ka7 32. Qxc7 gxf2+ 33. Kxf2 Qc3 34. Kf3 f6 35. Ke4 Qxc2+ 36. Kf3 Qd1+ 37. Kf2 Qd5 38. Ke2 Ka6 39. Qg7 Qxb3 40. Qxf6 Qxa4 41. Qd8 Ka7 42. Kf3 Qb5 43. e4 a4 44. Qd4+ Ka6 45. e5 a3 46. Kf4 a2 47. e6 Qf1+ 48. Kg5 a1Q 0-1

[Event "Toronto Hart House Blitz m"]
[Site "Toronto"]
[Date "2025.02.02"]
[Round "15"]
[White "Vettese, Nicholas"]
[Black "Plotkin, Mark"]
[Result "0-1"]
[WhiteElo "2367"]
[BlackElo "2352"]
[PlyCount "126"]
[EventDate "2025.02.02"]
[EventType "match (blitz)"]
[EventRounds "20"]
[EventCountry "CAN"]
[SourceTitle "CB07_2025"]
[SourceDate "2025.02.12"]
[SourceVersion "1"]
[SourceVersionDate "2025.02.12"]
[SourceQuality "1"]

1. e4 c5 2. Nf3 Nc6 3. d4 cxd4 4. Nxd4 e5 5. Nb5 d6 6. c4 Be6 7. N1c3 a6 8. Na3 Nf6 9. Bd3 g6 10. 0-0 Bg7 11. Nd5 0-0 12. Be3 Nd7 13. Nc2 f5 14. f3 Nc5 15. b4 Nxd3 16. Qxd3 Rc8 17. Nb6 Rc7 18. Rad1 Rcf7 19. Qxd6 Qe8 20. exf5 Bxf5 21. Qd2 Bxc2 22. Qxc2 Nxb4 23. Qe4 Qc6 24. Nd5 Nxd5 25. Qxd5 Qxd5 26. cxd5 Rd7 27. Bb6 Rf6 28. Bc5 b6 29. Bb4 Rf4 30. Bc3 Rc4 31. Bb2 Rc2 32. Rf2 Rc5 33. Rfd2 Kf7 34. Kf1 a5 35. Ba3 Rc3 36. Rd3 Rxd3 37. Rxd3 b5 38. Bc5 Bf8 39. Bxf8 Kxf8 40. Ke2 Ke7 41. Ke3 Kd6 42. f4 exf4+ 43. Kxf4 Rc7 44. Rd2 h6 45. h4 Rc4+ 46. Kg3 b4 47. Kh3 a4 48. Kg3 b3 49. axb3 axb3 50. Rb2 Rb4 51. Kf3 Kxd5 52. Ke3 Kc4 53. Kd2 Rb8 54. Rb1 Rd8+ 55. Ke3 Kc3 56. Rc1+ Kb2 57. Rc6 Rg8 58. Rc7 h5 59. Kd2 g5 60. g3 gxh4 61. gxh4 Rg4 62. Rc5 Rxh4 63. Kd3 Rh1 0-1

[Event "Toronto Hart House Rapid m"]
[Site "Toronto"]
[Date "2025.02.01"]
[Round "2"]
[White "Plotkin, Mark"]
[Black "Vettese, Nicholas"]
[Result "1-0"]
[WhiteElo "2352"]
[BlackElo "2367"]
[PlyCount "77"]
[EventDate "2025.02.01"]
[EventType "match (rapid)"]
[EventRounds "8"]
[EventCountry "CAN"]
[SourceTitle "CB07_2025"]
[SourceDate "2025.02.12"]
[SourceVersion "1"]
[SourceVersionDate "2025.02.12"]
[SourceQuality "1"]

1. e4 c5 2. Nf3 d6 3. d4 cxd4 4. Nxd4 Nf6 5. Bc4 e6 6. Nc3 a6 7. 0-0 Be7 8. Be3 0-0 9. Bb3 Nc6 10. f4 Nxd4 11. Bxd4 Qc7 12. Qf3 b5 13. e5 dxe5 14. fxe5 Nd7 15. Bxe6 Nxe5 16. Qxa8 Bxe6 17. Nd5 Bxd5 18. Qxd5 Ng4 19. Qh5 Nf6 20. Qf5 Rd8 21. Rad1 Rd5 22. Qf3 Rh5 23. h3 Rg5 24. Be3 h6 25. Bxg5 hxg5 26. c3 Qc4 27. Rfe1 Bc5+ 28. Kh1 Bb6 29. Qb7 Bf2 30. Rd8+ Kh7 31. Qf3 Qc5 32. Rf1 Be3 33. Qf5+ Qxf5 34. Rxf5 Kg6 35. Rxf6+ gxf6 36. Ra8 Bc1 37. Rxa6 Bxb2 38. Rb6 Bxc3 39. Rxb5 1-0

[Event "Toronto Hart House Rapid m"]
[Site "Toronto"]
[Date "2025.02.01"]
[Round "3"]
[White "Vettese, Nicholas"]
[Black "Plotkin, Mark"]
[Result "0-1"]
[WhiteElo "2367"]
[BlackElo "2352"]
[PlyCount "150"]
[EventDate "2025.02.01"]
[EventType "match (rapid)"]
[EventRounds "8"]
[EventCountry "CAN"]
[SourceTitle "CB07_2025"]
[SourceDate "2025.02.12"]
[SourceVersion "1"]
[SourceVersionDate "2025.02.12"]
[SourceQuality "1"]

1. e4 g6 2. d4 Bg7 3. Nc3 d6 4. h3 a6 5. a4 Nc6 6. Be3 f5 7. exf5 Bxf5 8. Nf3 Nf6 9. Bd3 d5 10. Bxf5 gxf5 11. Ne5 Qd6 12. Bf4 0-0 13. Qd3 Ne4 14. Nxc6 Qxf4 15. Nxe7+ Kf7 16. Nxe4 dxe4 17. Nd5 exd3 18. Nxf4 dxc2 19. Rc1 Rfe8+ 20. Ne2 Rad8 21. Rxc2 Rxd4 22. 0-0 Rxa4 23. Rxc7+ Re7 24. Rc2 Rb4 25. Ng3 Rxb2 26. Rc5 Re5 27. Rc7+ Kg6 28. Rd1 f4 29. Nf1 Ree2 30. Nh2 Be5 31. Rc5 Bb8 32. Rc8 Ba7 33. Ng4 Bxf2+ 34. Kf1 Bh4 35. Rd6+ Kg7 36. Rd1 h5 37. Rc7+ Re7 38. Rxe7+ Bxe7 39. Ne5 Rb5 40. Nd3 Kf6 41. Nxf4 Rf5 42. g3 h4 43. Kg2 hxg3 44. Kxg3 Rb5 45. Nd5+ Kf7 46. Rf1+ Kg7 47. Nxe7 a5 48. Nf5+ Kg6 49. Ne7+ Kg7 50. Nf5+ Kg6 51. Nh4+ Kg7 52. Ra1 b6 53. Nf3 Rb3 54. Kf4 Kf6 55. Ke4 Rb4+ 56. Nd4 Kg5 57. Ra3 Kh4 58. Ke5 a4 59. Nf5+ Kh5 60. h4 b5 61. Kf6 Rg4 62. Rd3 Rg6+ 63. Ke5 Ra6 64. Rg3 Rg6 65. Ng7+ Kh6 66. Nf5+ Kh5 67. Rd3 Ra6 68. Rd7 a3 69. Rg7 Rg6 70. Ra7 b4 71. Kf4 Rg4+ 72. Kf3 Rg8 73. Ra6 Rg6 74. Ra5 Rb6 75. Kf4 b3 0-1

[Event "Toronto Hart House Rapid m"]
[Site "Toronto"]
[Date "2025.02.01"]
[Round "5"]
[White "Vettese, Nicholas"]
[Black "Plotkin, Mark"]
[Result "1-0"]
[WhiteElo "2367"]
[BlackElo "2352"]
[PlyCount "101"]
[EventDate "2025.02.01"]
[EventType "match (rapid)"]
[EventRounds "8"]
[EventCountry "CAN"]
[SourceTitle "CB07_2025"]
[SourceDate "2025.02.12"]
[SourceVersion "1"]
[SourceVersionDate "2025.02.12"]
[SourceQuality "1"]

1. e4 g6 2. d4 Bg7 3. Nc3 d6 4. h3 a6 5. a4 Nc6 6. Be3 Nf6 7. Nge2 0-0 8. g4 e5 9. d5 Ne7 10. Ng3 c6 11. dxc6 bxc6 12. a5 Be6 13. Bg2 d5 14. g5 d4 15. gxf6 Bxf6 16. Bd2 dxc3 17. Bxc3 Qb8 18. 0-0 Rd8 19. Qe2 Bg7 20. Rfd1 c5 21. Rxd8+ Qxd8 22. Rd1 Qc7 23. Qd3 Nc6 24. Qd6 Qxd6 25. Rxd6 Nd4 26. Bxd4 exd4 27. e5 Ra7 28. Rd8+ Bf8 29. Ne4 Kg7 30. Nd6 Be7 31. Rb8 Bxd6 32. exd6 Rd7 33. Rb6 Bf5 34. c3 d3 35. Kf1 Rd8 36. Ke1 Re8+ 37. Kd1 Re2 38. Bf1 Rxf2 39. Bxd3 Bxh3 40. Bxa6 h5 41. Bb7 Rf1+ 42. Kd2 Ra1 43. a6 h4 44. Bc6 Bg4 45. d7 h3 46. a7 Bxd7 47. a8Q Rxa8 48. Bxa8 g5 49. Ke3 g4 50. Kf4 Be6 51. Rxe6 1-0

[Event "Toronto Hart House m"]
[Site "Toronto"]
[Date "2025.01.30"]
[Round "1"]
[White "Vettese, Nicholas"]
[Black "Plotkin, Mark"]
[Result "0-1"]
[WhiteElo "2328"]
[BlackElo "2352"]
[PlyCount "204"]
[EventDate "2025.01.30"]
[EventType "match"]
[EventRounds "4"]
[EventCountry "CAN"]
[SourceTitle "CB07_2025"]
[SourceDate "2025.02.12"]
[SourceVersion "1"]
[SourceVersionDate "2025.02.12"]
[SourceQuality "1"]

1. e4 g6 2. d4 Bg7 3. Nc3 d6 4. h3 a6 5. a4 Nc6 6. Be3 Nf6 7. Nf3 0-0 8. a5 e5 9. dxe5 Nxe5 10. Nxe5 dxe5 11. Bc4 Qe7 12. Qb1 c6 13. Qa2 Rd8 14. Bb6 Rd4 15. 0-0 c5 16. b4 cxb4 17. Nd5 Nxd5 18. Bxd5 Rxd5 19. exd5 Bf5 20. Rad1 Qd6 21. g4 Bd7 22. Qc4 Rc8 23. Qe4 f5 24. gxf5 Bxf5 25. Qh4 Bxc2 26. Rc1 b3 27. Qg4 Rc3 28. Qa4 Bf8 29. Rfd1 Rxh3 30. Rxc2 bxc2 31. Qxc2 e4 32. Bc7 Qd7 33. Qxe4 Bd6 34. Bb6 Kf7 35. Be3 Rh5 36. Kf1 Qf5 37. Qxf5+ Rxf5 38. Rb1 Rxd5 39. Rxb7+ Ke6 40. Rb6 Rxa5 41. Bf4 Rd5 42. Rxa6 g5 43. Bh2 h5 44. Kg2 Rd3 45. Ra5 Bxh2 46. Rxg5 Bf4 47. Rxh5 Kf6 48. Rb5 Be5 49. Ra5 Kf5 50. Ra8 Ke4 51. Ra4+ Bd4 52. Ra8 Rd2 53. Re8+ Kd3 54. Rf8 Ke2 55. Re8+ Kd1 56. Rf8 Re2 57. Kf1 Kd2 58. Rf4 Re1+ 59. Kg2 Kd3 60. Rf8 Re7 61. Kf3 Bb6 62. Rf6 Rb7 63. Rf8 Rg7 64. Rf6 Ba7 65. Rf8 Kd2 66. Ke4 Bc5 67. Rd8+ Kc3 68. f4 Kc4 69. f5 Re7+ 70. Kf4 Be3+ 71. Kg4 Rg7+ 72. Kf3 Bd4 73. Ke4 Rg4+ 74. Kf3 Rg1 75. Ke4 Re1+ 76. Kf4 Be5+ 77. Kf3 Kc5 78. Rd7 Bd6 79. Ra7 Kd4 80. Ra5 Be5 81. Ra4+ Kd5 82. Ra5+ Kd6 83. Ra6+ Kc5 84. Ra5+ Kd4 85. Ra4+ Kd3 86. Ra3+ Bc3 87. Kf4 Kc4 88. Ra8 Bd2+ 89. Kf3 Bb4 90. Rd8 Ba5 91. Ra8 Bb6 92. Ra2 Kd5 93. Re2 Rg1 94. Rg2 Rf1+ 95. Kg4 Ke4 96. Rb2 Bd4 97. Rb5 Rg1+ 98. Kh5 Be5 99. Kh4 Kxf5 100. Kh3 Rg3+ 101. Kh4 Ra3 102. Rd5 Ra8 0-1

[Event "Titled Tuesday intern op 10th Sep Late"]
[Site "Chess,com INT"]
[Date "2024.09.10"]
[Round "4"]
[White "Carlsen, Magnus"]
[Black "Plotkin, Mark"]
[Result "1-0"]
[WhiteElo "2832"]
[BlackElo "2339"]
[PlyCount "79"]
[EventDate "2024.09.10"]
[EventType "swiss (blitz)"]
[EventRounds "11"]
[EventCountry "USA"]
[SourceTitle "EXT 2025"]
[Source "ChessBase"]
[SourceDate "2024.10.14"]
[SourceVersion "1"]
[SourceVersionDate "2024.10.14"]
[SourceQuality "1"]

1. e4 g6 2. d4 Bg7 3. Nf3 d6 4. Bc4 Nf6 5. Qe2 0-0 6. 0-0 Bg4 7. h3 Bxf3 8. Qxf3 Nc6 9. c3 e5 10. Be3 Nh5 11. Rd1 Kh8 12. Bd5 Qe8 13. Na3 a6 14. Nc4 exd4 15. cxd4 Nf6 16. Bxc6 Qxc6 17. Nd2 Rae8 18. d5 Qb5 19. Bd4 Nh5 20. Bxg7+ Nxg7 21. Qc3 Re7 22. Qf6 Rfe8 23. Rac1 Kg8 24. g4 Qe2 25. Kg2 h5 26. Qf3 Qb5 27. b3 Qd7 28. g5 Re5 29. h4 c5 30. dxc6 bxc6 31. Nc4 Rxe4 32. Nxd6 Rg4+ 33. Kf1 Rxh4 34. Nxe8 Qxe8 35. Qxc6 Qe5 36. Qd5 Qf4 37. Rc8+ Kh7 38. Qa8 Ne6 39. Rh8+ Kg7 40. Qg8# 1-0